[Event "UT Dallas Fall GM Inv 2012"]
[Site "Dallas USA"]
[Date "2012.11.16"]
[Round "1"]
[White "Calugar, Arthur"]
[Black "Sadorra, Julio Catalino"]
[Result "0-1"]
[WhiteTitle "IM"]
[BlackTitle "GM"]
[WhiteElo "2312"]
[BlackElo "2546"]
[WhiteFideId "2606933"]
[BlackFideId "5201268"]
[EventDate "2012.11.16"]

1. Nf3 Nf6 2. c4 e6 3. Nc3 d5 4. e3 c5 5. cxd5 exd5 6. d4 a6 7. b3 Nc6 8. Bb2
cxd4 9. Nxd4 Bd6 10. Be2 Qc7 11. Bf3 O-O 12. Bxd5 Nxd4 13. exd4 Bb4 14. Bc4 b5
15. Qd3 bxc4 16. bxc4 Re8+ 17. Kf1 Bf5 18. Qxf5 Qxc4+ 19. Kg1 Bxc3 0-1

[Event "UT Dallas Fall GM Inv 2012"]
[Site "Dallas USA"]
[Date "2012.11.16"]
[Round "1"]
[White "Bercys, Salvijus"]
[Black "Chirila, Ioan-Cristian"]
[Result "0-1"]
[WhiteTitle "IM"]
[BlackTitle "GM"]
[WhiteElo "2418"]
[BlackElo "2506"]
[WhiteFideId "12802212"]
[BlackFideId "1211668"]
[EventDate "2012.11.16"]

1. Nf3 Nf6 2. c4 g6 3. g3 c5 4. Bg2 Nc6 5. O-O d6 6. Nc3 Bg7 7. a3 O-O 8. Rb1
Be6 9. d3 Qc8 10. Ng5 Bd7 11. b4 h6 12. Nf3 Bh3 13. Nd5 Bxg2 14. Nxf6+ exf6 15.
Kxg2 f5 16. bxc5 dxc5 17. Bb2 b6 18. Qd2 Qe6 19. Rfe1 Rad8 20. h4 Rfe8 21. Bxg7
Kxg7 22. Rb2 Re7 23. Kg1 Nd4 24. Nxd4 Rxd4 25. e3 f4 26. exd4 Qxe1+ 27. Qxe1
Rxe1+ 28. Kg2 cxd4 29. gxf4 f5 30. Kf3 Rh1 31. a4 Ra1 32. Rb5 Ra3 33. Ke2 Ra2+
34. Ke1 Rxa4 35. Rd5 Kf7 36. Rxd4 b5 37. Kd2 a5 38. Rd7+ Ke6 39. Rg7 Kf6 40. Rc7
b4 41. Rc6+ Kf7 42. Rb6 Ra3 43. Ke3 b3 44. c5 a4 45. Kd4 Ra1 46. Kd5 Rc1 47.
Rb7+ Kf6 48. Rb6+ Ke7 49. c6 a3 50. Rb7+ Kd8 51. c7+ Kd7 0-1

[Event "UT Dallas Fall GM Inv 2012"]
[Site "Dallas USA"]
[Date "2012.11.16"]
[Round "1"]
[White "Getz, Alec"]
[Black "Iotov, Valentin"]
[Result "0-1"]
[WhiteTitle "FM"]
[BlackTitle "GM"]
[WhiteElo "2316"]
[BlackElo "2570"]
[WhiteFideId "2026287"]
[BlackFideId "2906074"]
[EventDate "2012.11.16"]

1. e4 c6 2. d4 d5 3. Nc3 dxe4 4. Nxe4 Bf5 5. Ng3 Bg6 6. Nf3 Nd7 7. h4 h6 8. h5
Bh7 9. Bd3 Bxd3 10. Qxd3 e6 11. Bd2 Ngf6 12. O-O-O Be7 13. Kb1 Qb6 14. Ne4 Nxe4
15. Qxe4 Nf6 16. Qe2 Qb5 17. c4 Qf5+ 18. Ka1 O-O-O 19. Be3 Ng4 20. d5 c5 21. Qd3
Qxd3 22. Rxd3 f5 23. Rf1 Rd7 24. Bf4 exd5 25. Ne5 Nxe5 26. Bxe5 dxc4 27. Rxd7
Kxd7 28. Bxg7 Rg8 29. Bxh6 Rxg2 30. Rh1 Bf6 31. Be3 Kc6 32. h6 f4 33. Bd2 b5 34.
a3 a5 35. Bc3 Bxc3 36. bxc3 Rg8 37. Kb2 Kd5 38. Kc2 Ke4 39. Rh3 Kf5 40. Rh5+ Kg4
41. Rxc5 Rg6 42. Rxb5 Rxh6 43. Rc5 Rh2 44. Rxc4 Rxf2+ 45. Kd3 Rb2 46. a4 Ra2 47.
Kd4 Kg3 48. Rc5 Rxa4+ 49. c4 f3 50. Rg5+ Kf4 51. Rg8 f2 52. Rf8+ Kg3 53. Ke3
Ra3+ 54. Ke2 Ra2+ 55. Ke3 Kg2 56. Rg8+ Kf1 57. Rb8 Ra3+ 0-1

[Event "UT Dallas Fall GM Inv 2012"]
[Site "Dallas USA"]
[Date "2012.11.17"]
[Round "2"]
[White "Sadorra, Julio Catalino"]
[Black "Iotov, Valentin"]
[Result "0-1"]
[WhiteTitle "GM"]
[BlackTitle "GM"]
[WhiteElo "2546"]
[BlackElo "2570"]
[WhiteFideId "5201268"]
[BlackFideId "2906074"]
[EventDate "2012.11.16"]

1. Nf3 d5 2. c4 c6 3. d4 Nf6 4. Nc3 dxc4 5. a4 Bf5 6. Nh4 e6 7. Nxf5 exf5 8. e3
Bb4 9. Bxc4 O-O 10. O-O Nbd7 11. f3 Qa5 12. Qc2 c5 13. Bd3 g6 14. Qb3 Rac8 15.
Nd5 Nxd5 16. Qxd5 Rc7 17. e4 fxe4 18. Bb5 a6 19. Bxd7 cxd4 20. Bb5 e3 21. Qxd4
e2 22. Bh6 Bc5 0-1

[Event "UT Dallas Fall GM Inv 2012"]
[Site "Dallas USA"]
[Date "2012.11.17"]
[Round "2"]
[White "Hughes, Tyler B"]
[Black "Getz, Alec"]
[Result "0-1"]
[WhiteTitle "FM"]
[BlackTitle "FM"]
[WhiteElo "2289"]
[BlackElo "2316"]
[WhiteFideId "2026775"]
[BlackFideId "2026287"]
[EventDate "2012.11.16"]

1. e4 c5 2. Nc3 Nc6 3. f4 e6 4. Nf3 a6 5. g3 b5 6. Bg2 Bb7 7. O-O d6 8. d4 cxd4
9. Nxd4 Nxd4 10. Qxd4 Qc7 11. a4 d5 12. Kh1 b4 13. Nxd5 exd5 14. exd5 O-O-O 15.
c4 bxc3 16. bxc3 Qc5 17. Bh3+ Kc7 18. Qxc5+ Bxc5 19. c4 a5 20. Bd2 Bb4 21. Bxb4
axb4 22. Rfb1 Nf6 23. Rxb4 Rb8 24. Rab1 Ba8 25. Rb5 Rxb5 26. axb5 Kb6 27. g4 Ne4
28. Re1 Re8 29. Kg2 Nd6 30. Rxe8 Nxe8 31. Kf3 Nd6 32. Bf1 Kc5 33. Ke3 Bb7 34.
Bd3 Bc8 35. f5 Nxc4+ 36. Bxc4 Kxc4 37. Ke4 Kxb5 38. Ke5 Kc5 39. g5 g6 40. fxg6
fxg6 41. h4 Bg4 42. Kf4 Bd7 43. Ke5 Bc8 44. d6 Bd7 45. Kf6 Kxd6 46. Kg7 Bg4 47.
Kxh7 Bh5 48. Kg7 Ke6 49. Kh6 Kf5 50. Kg7 Kg4 51. Kh7 Kxh4 52. Kh6 Kg4 0-1

[Event "UT Dallas Fall GM Inv 2012"]
[Site "Dallas USA"]
[Date "2012.11.17"]
[Round "2"]
[White "Chirila, Ioan-Cristian"]
[Black "Pavlovic, Milos M"]
[Result "1/2-1/2"]
[WhiteTitle "GM"]
[BlackTitle "IM"]
[WhiteElo "2506"]
[BlackElo "2477"]
[WhiteFideId "1211668"]
[BlackFideId "924601"]
[EventDate "2012.11.16"]

1. c4 Nf6 2. Nc3 c5 3. Nf3 Nc6 4. g3 d5 5. cxd5 Nxd5 6. Bg2 Nc7 7. a3 g6 8. O-O
Bg7 9. d3 O-O 10. Be3 b6 11. Qa4 Bd7 12. Rfc1 Nd4 13. Qd1 Bc6 14. Bxd4 Bxd4 15.
b4 cxb4 16. Nxd4 Bxg2 17. Kxg2 bxc3 18. Rxc3 Qxd4 19. Rxc7 Qd6 20. Qc2 Rfd8 21.
a4 Rd7 22. Rc1 Rad8 23. Qc4 Kg7 24. Qc3+ Qf6 25. Qc4 Qe5 26. Rc2 Rxc7 27. Qxc7
Qd5+ 28. f3 Rd7 29. Qb8 Qe6 30. h4 Rd5 31. Qxa7 Ra5 32. Qc7 Rxa4 33. Rb2 b5 34.
Qc5 b4 35. Qb5 Ra1 36. Qc5 b3 37. Qd4+ f6 38. Qe4 Qxe4 1/2-1/2

[Event "UT Dallas Fall GM Inv 2012"]
[Site "Dallas USA"]
[Date "2012.11.17"]
[Round "2"]
[White "Calugar, Arthur"]
[Black "Holt, Conrad"]
[Result "1/2-1/2"]
[WhiteTitle "IM"]
[BlackTitle "GM"]
[WhiteElo "2312"]
[BlackElo "2496"]
[WhiteFideId "2606933"]
[BlackFideId "2034387"]
[EventDate "2012.11.16"]

1. b3 e5 2. Bb2 Nc6 3. e3 d5 4. Bb5 f6 5. c4 a6 6. Ba4 b5 7. cxb5 Nb4 8. b6+ Kf7
9. b7 Bxb7 10. d3 e4 11. dxe4 dxe4 12. Bc3 Qd3 13. Qxd3 exd3 14. Nf3 Nc2+ 15.
Kd2 Rd8 16. Rc1 Nh6 17. Ne1 Ng4 18. Nxc2 dxc2+ 19. Kxc2 Be4+ 20. Kb2 Nxf2 21.
Nd2 Rxd2+ 22. Bxd2 Nd3+ 23. Kc3 Bb4+ 24. Kd4 Nxc1 25. Bxb4 Nd3 26. Kxe4 Nxb4 27.
a3 f5+ 28. Kxf5 Nd5 29. Rc1 Rd8 30. Ke5 Nxe3 31. Rxc7+ Kf8 32. Ra7 Nc2 33. Rxa6
Nxa3 34. Ra7 Rd3 35. Ke6 Re3+ 36. Kd6 Nc2 37. Rb7 Rd3+ 38. Ke5 Re3+ 39. Kf4 Rc3
40. Kf5 Ne1 41. Rb8+ Kf7 42. Rb7+ Kf8 43. b4 Nxg2 44. b5 Rf3+ 45. Ke5 Re3+ 46.
Kd6 Rd3+ 47. Kc5 Nf4 48. b6 Ne6+ 49. Kb4 Rd4+ 50. Kb5 Rd5+ 51. Kc6 Rd2 52. Rd7
Nd8+ 53. Kc7 Ne6+ 54. Kc8 Rb2 55. b7 Nc5 56. Rd8+ Ke7 57. Bc6 Nxb7 58. Rd7+ Kf6
59. Bxb7 Rxh2 60. Kc7 g5 61. Kd6 g4 62. Bd5 h5 63. Rf7+ Kg6 64. Rf8 Re2 65. Bc4
Re3 66. Kd5 Kg5 67. Kd4 Re1 68. Kd3 Kh4 69. Kd2 Re5 70. Be2 Kh3 71. Rf1 Kg2 72.
Rf4 Kg3 73. Rf1 Kh2 74. Rf4 g3 75. Rh4+ Kg1 76. Bxh5 g2 77. Bf3 Kf2 1/2-1/2

[Event "UT Dallas Fall GM Inv 2012"]
[Site "Dallas USA"]
[Date "2012.11.17"]
[Round "3"]
[White "Bercys, Salvijus"]
[Black "Calugar, Arthur"]
[Result "1-0"]
[WhiteTitle "IM"]
[BlackTitle "IM"]
[WhiteElo "2418"]
[BlackElo "2312"]
[WhiteFideId "12802212"]
[BlackFideId "2606933"]
[EventDate "2012.11.16"]

1. d4 Nf6 2. c4 g6 3. Nc3 d5 4. Nf3 Bg7 5. e3 O-O 6. Qb3 dxc4 7. Bxc4 Nc6 8. Be2
a5 9. O-O Nb4 10. e4 c5 11. dxc5 Qc7 12. a3 Na6 13. Bxa6 Rxa6 14. Be3 Be6 15.
Qc2 Ng4 16. Nd5 Nxe3 17. fxe3 Qb8 18. Nxe7+ Kh8 19. Rad1 a4 20. Nd5 h6 21. Nd4
Bg4 22. Rd2 Qe5 23. Rdf2 f5 24. h3 Bh5 25. Nf4 fxe4 26. Nxg6+ Rxg6 27. Rxf8+
Bxf8 28. Rxf8+ Kg7 29. Qf2 Rf6 30. Rxf6 Qxf6 31. Qg3+ Bg6 32. Qc7+ Qf7 33. Qe5+
Qf6 34. Qc7+ Qf7 35. Qd6 h5 36. Ne6+ Kg8 37. Qd8+ Qe8 38. Qxe8+ Bxe8 39. Nd8 Kg7
40. Nxb7 Kf6 41. Nd6 Bc6 42. Kf2 Ke5 43. g4 hxg4 44. h4 Bd5 45. Kg3 Bg8 46. h5
Kd5 47. Kxg4 Kxc5 48. Nxe4+ Kc4 49. h6 Bh7 50. Nf6 Bg6 51. Kg5 Bd3 52. e4 1-0

[Event "UT Dallas Fall GM Inv 2012"]
[Site "Dallas USA"]
[Date "2012.11.17"]
[Round "3"]
[White "Iotov, Valentin"]
[Black "Hughes, Tyler B"]
[Result "1-0"]
[WhiteTitle "GM"]
[BlackTitle "FM"]
[WhiteElo "2570"]
[BlackElo "2289"]
[WhiteFideId "2906074"]
[BlackFideId "2026775"]
[EventDate "2012.11.16"]

1. d4 g6 2. e4 Bg7 3. Nf3 d6 4. Nc3 Nf6 5. Be2 O-O 6. O-O Bg4 7. Be3 Nc6 8. a4
e5 9. d5 Bxf3 10. Bxf3 Ne7 11. a5 Nd7 12. a6 b6 13. Be2 f5 14. f3 f4 15. Bf2 g5
16. Nb5 h5 17. Ra3 Nf6 18. Rc3 Ne8 19. b4 Kh7 20. Ra3 Ng8 21. c4 Nh6 22. c5 Rf6
23. Rc3 Rg6 24. cxd6 cxd6 25. Qc2 g4 26. Rc1 g3 27. Be1 gxh2+ 28. Kh1 h4 29. Rc8
h3 30. Bf1 hxg2+ 31. Bxg2 Rxc8 32. Qxc8 Qg5 33. Qh3 Qe7 34. Rc8 Nf6 35. Bh4 1-0

[Event "UT Dallas Fall GM Inv 2012"]
[Site "Dallas USA"]
[Date "2012.11.17"]
[Round "3"]
[White "Getz, Alec"]
[Black "Chirila, Ioan-Cristian"]
[Result "0-1"]
[WhiteTitle "FM"]
[BlackTitle "GM"]
[WhiteElo "2316"]
[BlackElo "2506"]
[WhiteFideId "2026287"]
[BlackFideId "1211668"]
[EventDate "2012.11.16"]

1. e4 e5 2. Nf3 Nc6 3. Bb5 a6 4. Ba4 Nf6 5. O-O Be7 6. Re1 b5 7. Bb3 d6 8. c3
O-O 9. h3 Nb8 10. d3 Bb7 11. Nbd2 c5 12. Nf1 Qc7 13. Ng3 g6 14. Bh6 Re8 15. Bg5
Nbd7 16. d4 Bf8 17. d5 c4 18. Bc2 Bg7 19. Qd2 Nc5 20. b4 cxb3 21. axb3 Bc8 22.
Rec1 Nfd7 23. Be3 Nb6 24. Ne1 Bd7 25. f3 f5 26. Nf1 fxe4 27. fxe4 a5 28. Qf2
Rec8 29. Nd2 Be8 30. Nef3 h6 31. Rf1 Nbd7 32. Qh4 g5 33. Qf2 Nf6 34. b4 axb4 35.
cxb4 Na6 36. Bb3 Qc3 37. Kh1 Nxb4 38. Rxa8 Rxa8 39. h4 Ng4 40. Qg3 Nxe3 0-1

[Event "UT Dallas Fall GM Inv 2012"]
[Site "Dallas USA"]
[Date "2012.11.17"]
[Round "3"]
[White "Holt, Conrad"]
[Black "Sadorra, Julio Catalino"]
[Result "0-1"]
[WhiteTitle "GM"]
[BlackTitle "GM"]
[WhiteElo "2496"]
[BlackElo "2546"]
[WhiteFideId "2034387"]
[BlackFideId "5201268"]
[EventDate "2012.11.16"]

1. d4 e6 2. c4 b6 3. Nc3 Bb7 4. a3 Nf6 5. d5 exd5 6. cxd5 Bc5 7. g3 O-O 8. Bg2
a5 9. Nh3 Bd6 10. O-O Be5 11. f4 Bxc3 12. bxc3 Re8 13. Nf2 d6 14. e4 Nbd7 15.
Re1 b5 16. Be3 Nb6 17. Bd4 c5 18. dxc6 Bxc6 19. Ng4 Nbd7 20. Nxf6+ Nxf6 21. Qd3
Qe7 22. e5 Bxg2 23. Kxg2 dxe5 24. Rxe5 Qb7+ 25. Qf3 Qd7 26. Rd1 Rad8 27. Rg5 Qe6
28. Rd3 Qa2+ 29. Kh3 Qe6+ 30. g4 h6 31. Re5 Qc4 32. Rc5 Qb3 33. g5 Ne4 34. Rc7
Qe6+ 35. Kg2 hxg5 36. f5 Qa2+ 37. Kg1 Nd2 38. Qd1 Ne4 39. Qf1 Rd6 40. Re3 Qd2
41. Rd3 Qc2 42. Rb7 Nd2 43. Qe2 Nf3+ 0-1

[Event "UT Dallas Fall GM Inv 2012"]
[Site "Dallas USA"]
[Date "2012.11.18"]
[Round "4"]
[White "Sadorra, Julio Catalino"]
[Black "Hughes, Tyler B"]
[Result "1-0"]
[WhiteTitle "GM"]
[BlackTitle "FM"]
[WhiteElo "2546"]
[BlackElo "2289"]
[WhiteFideId "5201268"]
[BlackFideId "2026775"]
[EventDate "2012.11.16"]

1. d4 Nf6 2. c4 g6 3. Nc3 Bg7 4. e4 O-O 5. Nf3 d6 6. Be2 e5 7. d5 Na6 8. Nd2 h5
9. a3 c5 10. dxc6 bxc6 11. b4 Nc7 12. Nb3 Ne6 13. O-O Nd4 14. Be3 Nxe2+ 15. Qxe2
Ng4 16. Rfd1 Nxe3 17. Qxe3 Be6 18. Na5 Qc7 19. Rac1 Rfc8 20. c5 dxc5 21. Qxc5
Bh6 22. Rc2 Bf8 23. Qe3 Qb8 24. Na4 Bxb4 25. axb4 Qxb4 26. Nc5 Rd8 27. Rdc1 Qxa5
28. Nxe6 fxe6 29. Qh6 Qc7 30. Qxg6+ Qg7 31. Qxe6+ Kh8 32. Rc3 h4 33. Rxc6 a5 34.
Qf5 1-0

[Event "UT Dallas Fall GM Inv 2012"]
[Site "Dallas USA"]
[Date "2012.11.18"]
[Round "4"]
[White "Holt, Conrad"]
[Black "Bercys, Salvijus"]
[Result "1/2-1/2"]
[WhiteTitle "GM"]
[BlackTitle "IM"]
[WhiteElo "2496"]
[BlackElo "2418"]
[WhiteFideId "2034387"]
[BlackFideId "12802212"]
[EventDate "2012.11.16"]

1. d4 Nf6 2. c4 g6 3. Nc3 Bg7 4. e4 d6 5. Nf3 O-O 6. h3 Na6 7. Bg5 c6 8. Be2 e5
9. d5 h6 10. Be3 cxd5 11. cxd5 Nh5 12. Nd2 Nf4 13. Bf1 f5 14. g3 Nxh3 15. Bxh3
f4 16. Qe2 Bxh3 17. Rxh3 fxe3 18. Qxe3 Nb4 19. Kd1 Qd7 20. Rh2 Qg4+ 21. Qe2
Qxe2+ 22. Kxe2 Nc2 23. Rf1 Nd4+ 24. Kd3 Rac8 25. f4 b5 26. Nb3 Nxb3 27. axb3
exf4 28. gxf4 a6 29. Rhf2 Kh7 30. Nd1 Rc7 31. Ne3 Rcf7 32. f5 gxf5 33. Nxf5 Be5
34. Rh1 Rf6 35. Rg2 Rxf5 36. exf5 Rxf5 37. Rc1 h5 38. Ra1 Kh6 39. Rxa6 h4 40.
Ra1 Kh5 41. Ra7 Bg3 42. Ke4 Re5+ 43. Kd4 Kg4 44. Rf7 Rg5 45. Rg1 Kh3 46. Ke4 Kh2
47. Rd1 Kg2 48. Rd2+ Kh3 49. Kf3 Be5 50. Ke3 Rg3+ 51. Ke4 Rg5 1/2-1/2

[Event "UT Dallas Fall GM Inv 2012"]
[Site "Dallas USA"]
[Date "2012.11.18"]
[Round "4"]
[White "Chirila, Ioan-Cristian"]
[Black "Iotov, Valentin"]
[Result "1/2-1/2"]
[WhiteTitle "GM"]
[BlackTitle "GM"]
[WhiteElo "2506"]
[BlackElo "2570"]
[WhiteFideId "1211668"]
[BlackFideId "2906074"]
[EventDate "2012.11.16"]

1. d4 Nf6 2. c4 e6 3. Nf3 d5 4. Nc3 Bb4 5. Bg5 Nbd7 6. e3 c5 7. cxd5 exd5 8. Bd3
Qa5 9. Qc2 c4 10. Bf5 O-O 11. O-O Re8 12. Nd2 g6 13. Bh3 Kg7 14. Bh4 Nb6 15. Nb3
cxb3 16. axb3 Bxc3 17. Rxa5 Bxa5 18. Bxf6+ Kxf6 19. Qc5 Bxh3 20. gxh3 Bd2 21.
Rd1 Bxe3 22. fxe3 Rxe3 23. Qc7 Kg7 24. Rf1 Rf8 25. Qxb7 Rxb3 26. Qxa7 Rxb2 27.
Rf2 Rb1+ 28. Rf1 Rb2 1/2-1/2

[Event "UT Dallas Fall GM Inv 2012"]
[Site "Dallas USA"]
[Date "2012.11.18"]
[Round "4"]
[White "Calugar, Arthur"]
[Black "Pavlovic, Milos M"]
[Result "0-1"]
[WhiteTitle "IM"]
[BlackTitle "IM"]
[WhiteElo "2312"]
[BlackElo "2477"]
[WhiteFideId "2606933"]
[BlackFideId "924601"]
[EventDate "2012.11.16"]

1. Nf3 c5 2. b3 d5 3. e3 a6 4. Bb2 Nc6 5. d4 Nf6 6. Bd3 Bg4 7. Nbd2 e6 8. O-O
Be7 9. a3 O-O 10. Qe1 Bh5 11. Ne5 cxd4 12. exd4 Nxe5 13. dxe5 Nd7 14. f4 Nc5 15.
Be2 Bg6 16. Rc1 Rc8 17. Nf3 Ne4 18. Bd3 Bc5+ 19. Nd4 b5 20. Kh1 Qb6 21. Qe3 a5
22. g4 f5 23. gxf5 exf5 24. b4 axb4 25. axb4 Bxb4 26. Nxf5 Qc7 27. Bxe4 dxe4 28.
Nd4 Bc5 29. Qb3+ Kh8 30. Ne6 Qc6 31. Nxc5 e3+ 32. Kg1 Qxc5 33. Ba3 Qd4 34. c3
Rxf4 35. h3 Rg4+ 0-1

[Event "UT Dallas Fall GM Inv 2012"]
[Site "Dallas USA"]
[Date "2012.11.18"]
[Round "5"]
[White "Hughes, Tyler B"]
[Black "Chirila, Ioan-Cristian"]
[Result "0-1"]
[WhiteTitle "FM"]
[BlackTitle "GM"]
[WhiteElo "2289"]
[BlackElo "2506"]
[WhiteFideId "2026775"]
[BlackFideId "1211668"]
[EventDate "2012.11.16"]

1. d4 Nf6 2. c4 c5 3. d5 e6 4. Nc3 exd5 5. cxd5 d6 6. Nf3 g6 7. Qa4+ Nbd7 8. Bf4
a6 9. e4 Rb8 10. Nd2 b5 11. Qc2 Qe7 12. Be2 Bg7 13. O-O O-O 14. a3 Bb7 15. Rac1
Rfe8 16. Rfe1 Rbc8 17. Bf1 Ng4 18. Bg3 c4 19. Nf3 Nc5 20. h3 Ne5 21. Nxe5 Bxe5
22. Bxe5 Qxe5 23. g3 Rc7 24. Re3 Rce7 25. Rce1 Bc8 26. Kh2 Bd7 27. Qd1 g5 28.
Qh5 Qf6 29. Bg2 Nd3 30. Rf1 Nxb2 31. f4 Qg6 32. Qe2 Nd3 33. e5 gxf4 34. gxf4 Kh8
35. e6 f5 36. exd7 Rxe3 37. Qxe3 Rxe3 38. d8=Q+ Re8 39. Qg5 Qg7 40. Qxg7+ Kxg7
41. Kg3 Kf6 42. Kh4 Nc5 43. Rf3 Re1 44. Bf1 Ne4 45. Bg2 Nc5 46. Rf1 Re7 47. Kh5
Rg7 48. Bf3 Nd3 49. Be2 Rg3 50. h4 Nxf4+ 51. Rxf4 Rxc3 52. Bg4 Rxa3 53. Rxf5+
Ke7 54. Rf2 c3 55. Kg5 b4 56. Re2+ Kd8 57. Kf6 b3 58. Bf5 Ra5 59. Ke6 Kc7 60.
Bxh7 Rc5 61. Re1 c2 62. Rc1 Kb6 63. Bxc2 Rxc2 64. Rb1 b2 65. h5 Kc5 66. h6 Rh2
67. h7 Rxh7 68. Rxb2 Rh6+ 69. Kf5 Rh5+ 70. Ke4 Re5+ 71. Kd3 Rxd5+ 72. Kc3 Rh5
73. Rb8 Rh3+ 74. Kd2 d5 75. Ra8 Kb5 76. Rb8+ Kc4 77. Rc8+ Kd4 78. Ra8 Ra3 79.
Rh8 a5 80. Rh4+ Kc5 81. Kc2 d4 82. Rh8 Rc3+ 83. Kd2 a4 84. Rc8+ Kb4 85. Rb8+ Ka3
86. Rd8 Rc4 87. Rb8 Rb4 0-1

[Event "UT Dallas Fall GM Inv 2012"]
[Site "Dallas USA"]
[Date "2012.11.18"]
[Round "5"]
[White "Bercys, Salvijus"]
[Black "Sadorra, Julio Catalino"]
[Result "1/2-1/2"]
[WhiteTitle "IM"]
[BlackTitle "GM"]
[WhiteElo "2418"]
[BlackElo "2546"]
[WhiteFideId "12802212"]
[BlackFideId "5201268"]
[EventDate "2012.11.16"]

1. d4 e6 2. c4 d5 3. Nf3 Nf6 4. Nc3 Nbd7 5. cxd5 exd5 6. Bf4 c6 7. Qc2 Be7 8. h3
O-O 9. e3 Re8 10. Bd3 Nf8 11. O-O-O a5 12. Ne5 Be6 13. Kb1 a4 14. Nxa4 Qa5 15.
b3 Ne4 16. f3 Qb4 17. Ka1 Nd6 18. Nc5 f6 19. Bxh7+ Nxh7 20. Ned3 Qa5 21. Nxe6
Nb5 22. Nec5 Bxc5 23. dxc5 Nc3 24. a4 Nxd1 25. Rxd1 Nf8 26. e4 Ne6 27. exd5 cxd5
28. Be3 Rec8 29. Qb2 Qc7 30. Bd4 Qg3 31. Rd2 Qh4 32. Bf2 Qg5 33. Re2 Qf5 34. Qc2
Re8 35. Nb4 Qg5 36. g3 Qh5 37. Qd3 Qxh3 38. Rc2 Rad8 39. c6 bxc6 40. Nxc6 Rd6
41. b4 d4 42. b5 Qh5 1/2-1/2

[Event "UT Dallas Fall GM Inv 2012"]
[Site "Dallas USA"]
[Date "2012.11.18"]
[Round "5"]
[White "Getz, Alec"]
[Black "Calugar, Arthur"]
[Result "1/2-1/2"]
[WhiteTitle "FM"]
[BlackTitle "IM"]
[WhiteElo "2316"]
[BlackElo "2312"]
[WhiteFideId "2026287"]
[BlackFideId "2606933"]
[EventDate "2012.11.16"]

1. e4 e6 2. d4 d5 3. exd5 exd5 4. Bd3 Nf6 5. Ne2 Bd6 6. Bf4 Bxf4 7. Nxf4 O-O 8.
O-O Nc6 9. c3 Qd6 10. Qf3 Bg4 11. Qg3 Rae8 12. h3 Bd7 13. Nd2 Ne7 14. Rfe1 Nf5
15. Qf3 Nh4 16. Qg3 Ng6 17. Nxg6 Qxg3 18. fxg3 fxg6 19. g4 b6 20. Nf3 Rxe1+ 21.
Rxe1 Re8 22. Rxe8+ Bxe8 23. Kf2 Kf7 24. Ke3 Ke6 25. g5 Nd7 26. Bb5 Kd6 27. Bxd7
Bxd7 28. Kf4 Be8 29. Ne5 a6 30. a3 a5 1/2-1/2

[Event "UT Dallas Fall GM Inv 2012"]
[Site "Dallas USA"]
[Date "2012.11.18"]
[Round "5"]
[White "Pavlovic, Milos M"]
[Black "Holt, Conrad"]
[Result "1/2-1/2"]
[WhiteTitle "IM"]
[BlackTitle "GM"]
[WhiteElo "2477"]
[BlackElo "2496"]
[WhiteFideId "924601"]
[BlackFideId "2034387"]
[EventDate "2012.11.16"]

1. d4 d5 2. c4 c6 3. Nf3 Nf6 4. e3 Bf5 5. Nc3 e6 6. Nh4 Be4 7. f3 Bg6 8. Qb3 Qc7
9. Bd2 Be7 10. cxd5 cxd5 11. Nxg6 hxg6 12. Rc1 Nc6 13. Bd3 Rd8 14. g3 Kf8 15.
Kf2 e5 16. Nb5 Qb6 17. Be2 e4 18. f4 Rb8 19. Kg2 Qd8 20. Nc3 Qd6 21. h3 Qd7 22.
Na4 Kg8 23. Nc5 Bxc5 24. Rxc5 Ne7 25. g4 Kh7 26. Rhc1 Rhc8 27. Be1 Rxc5 28. Rxc5
Rc8 29. Qa3 Rxc5 30. Qxc5 Nc6 31. a4 Ne8 32. a5 Nc7 33. b4 1/2-1/2

[Event "UT Dallas Fall GM Inv 2012"]
[Site "Dallas USA"]
[Date "2012.11.19"]
[Round "6"]
[White "Bercys, Salvijus"]
[Black "Pavlovic, Milos M"]
[Result "1/2-1/2"]
[WhiteTitle "IM"]
[BlackTitle "IM"]
[WhiteElo "2418"]
[BlackElo "2477"]
[WhiteFideId "12802212"]
[BlackFideId "924601"]
[EventDate "2012.11.16"]

1. d4 Nf6 2. Nf3 g6 3. c4 Bg7 4. Nc3 d5 5. e3 O-O 6. Qb3 e6 7. Bd2 b6 8. cxd5
exd5 9. Be2 c5 10. dxc5 bxc5 11. O-O Be6 12. Qa3 Nbd7 13. Rfd1 Qb6 14. Na4 Qb7
15. Nxc5 Nxc5 16. Qxc5 Ne4 17. Qa5 Qxb2 18. Rab1 Qf6 19. Rb7 Nxd2 1/2-1/2

[Event "UT Dallas Fall GM Inv 2012"]
[Site "Dallas USA"]
[Date "2012.11.19"]
[Round "6"]
[White "Holt, Conrad"]
[Black "Getz, Alec"]
[Result "1-0"]
[WhiteTitle "GM"]
[BlackTitle "FM"]
[WhiteElo "2496"]
[BlackElo "2316"]
[WhiteFideId "2034387"]
[BlackFideId "2026287"]
[EventDate "2012.11.16"]

1. d4 e6 2. c4 Bb4+ 3. Bd2 Bxd2+ 4. Qxd2 f5 5. g3 Nf6 6. Bg2 O-O 7. Nc3 d6 8. e4
fxe4 9. Nxe4 Nxe4 10. Bxe4 Qf6 11. Nf3 d5 12. cxd5 exd5 13. Bxd5+ Be6 14. Bxb7
c6 15. Ne5 Nd7 16. Bxa8 Nxe5 17. dxe5 Qf3 18. Bxc6 Qxc6 19. O-O Bh3 20. f4 Bxf1
21. Rxf1 Rc8 22. Qe3 g6 23. f5 gxf5 24. Qg5+ Qg6 25. Qxf5 Qxf5 26. Rxf5 Rc2 27.
e6 1-0

[Event "UT Dallas Fall GM Inv 2012"]
[Site "Dallas USA"]
[Date "2012.11.19"]
[Round "6"]
[White "Sadorra, Julio Catalino"]
[Black "Chirila, Ioan-Cristian"]
[Result "1/2-1/2"]
[WhiteTitle "GM"]
[BlackTitle "GM"]
[WhiteElo "2546"]
[BlackElo "2506"]
[WhiteFideId "5201268"]
[BlackFideId "1211668"]
[EventDate "2012.11.16"]

1. d4 Nf6 2. c4 c5 3. d5 e6 4. Nc3 exd5 5. cxd5 d6 6. Nf3 g6 7. Bf4 Bg7 8. Qa4+
Bd7 9. Qb3 b5 10. Bxd6 Qb6 11. Be5 O-O 12. e3 c4 13. Qd1 b4 14. Nb1 Rc8 15. Nbd2
c3 16. bxc3 bxc3 17. Nc4 Qa6 18. Nd6 c2 19. Qd2 Qa3 20. Nxc8 Ne4 21. Qxc2 Bxe5
22. Nxe5 Qa5+ 23. Ke2 Nc3+ 24. Ke1 Ne4+ 25. Ke2 Nc3+ 26. Ke1 Ne4+ 27. Ke2 Nc3+
28. Ke1 1/2-1/2